| 000 | 00933cam a22002655a 4500 | ||
|---|---|---|---|
| 001 | 18283367 | ||
| 005 | 20151103192531.0 | ||
| 008 | 140828t2015 njua frb 001 0 eng d | ||
| 020 | _a9780321942043 (pbk. : alk. paper) | ||
| 020 | _a0321942043 (pbk. : alk. paper) | ||
| 040 |
_aDLC _beng _cDLC _dDLC _dEG-ScBUE |
||
| 082 | 0 | 4 |
_a005.11 _222 _bSTE |
| 100 | 1 |
_aStepanov, Alexander A. _938662 |
|
| 245 | 1 | 0 |
_aFrom mathematics to generic programming / _cAlexander A. Stepanov, Daniel E. Rose. |
| 260 |
_aUpper Saddle River : _bAddison-Wesley / Pearson Education, _cc.2015. |
||
| 300 |
_axiii, 293 p. : _bill. ; _c23 cm. |
||
| 500 | _aIndex : p. 281-292. | ||
| 504 | _aBibliography : p. 275-279. | ||
| 650 | 0 |
_aGeneric programming (Computer science) _xMathematics. _2BUEsh |
|
| 650 | 7 |
_aComputer algorithms. _2BUEsh _910553 |
|
| 651 | _2BUEsh | ||
| 653 |
_bCOMSCI _cJune2015 _cNovember2015 |
||
| 700 | 1 | _aRose, Daniel E. | |
| 942 | _2ddc | ||
| 999 |
_c19853 _d19825 |
||